The problems with patents: a less than optimistic reading of the future /

Este artículo examina una serie de problemas relacionados con las patentes. Ofrece una visión de por qué es importante la ley de patentes para la comprensión de la economía política contemporánea y por qué las desigualdades mundiales seguirán creciendo a menos que cambie sustancialmente el paisaje s...

Повний опис

Збережено в:
Бібліографічні деталі
Автор: Carolan, Michael S.
Формат: Текст
Предмети:
Теги: Додати тег
Немає тегів, Будьте першим, хто поставить тег для цього запису!

MARC

LEADER 00000 a a2200000 04500
001 42742
003
040
100 |a Carolan, Michael S.  
245 |a The problems with patents:   |b a less than optimistic reading of the future /  |c Michael S. Carolan  
500 |a mcarolan@colostate.edu  
520 |a Este artículo examina una serie de problemas relacionados con las patentes. Ofrece una visión de por qué es importante la ley de patentes para la comprensión de la economía política contemporánea y por qué las desigualdades mundiales seguirán creciendo a menos que cambie sustancialmente el paisaje socio-jurídico internacional.  
590 |a SJB/FEBRERO2013  
650 |a 1.DERECHO DE PATENTES  
650 |a 2.PATENTES  
650 |a 3.ASPECTOS JURIDICOS  
650 |a 4.DESIGUALDAD ECONOMICA  
650 |a 5.ECONOMIA POLITICA  
773 |g volumen40, número2 ( , 2009), páginas 361-388 : tablas, gráficos  
999 |c 32261  |d 32261